[Event "Kiel op 35th"]
[Site "Kiel"]
[Date "2023.08.03"]
[Round "8"]
[White "Braeutigam, Katerina"]
[Black "Harutyunyan, Hovhannes"]
[Result "1-0"]
[WhiteElo "1884"]
[BlackElo "1637"]
[PlyCount "121"]
[EventDate "2023.07.29"]
[EventType "swiss"]
[EventRounds "9"]
[EventCountry "GER"]
[SourceTitle "CBM 215 Extra"]
[Source "ChessBase"]
[SourceDate "2023.09.30"]
[SourceVersion "1"]
[SourceVersionDate "2023.09.30"]
[SourceQuality "1"]

1. e4 e6 2. d4 d5 3. e5 c5 4. c3 Nc6 5. Nf3 cxd4 6. cxd4 Nge7 7. Bd3 Nf5 8. Bxf5 exf5 9. 0-0 Be7 10. Nc3 Be6 11. Ne1 g5 12. f4 g4 13. Nc2 Rg8 14. Ne3 Qd7 15. a3 Rc8 16. Ne2 h5 17. b4 f6 18. Qd3 h4 19. Kh1 Kf7 20. Bd2 Rg6 21. b5 Nb8 22. Bb4 Bxb4 23. axb4 b6 24. Ra3 Kg8 25. Rfa1 Rc7 26. exf6 Rxf6 27. Nc3 Rf7 28. Re1 Qd6 29. Rb3 Nd7 30. Nxg4 Qxf4 31. Ne5 Nxe5 32. Rxe5 Bd7 33. Rb1 Rg7 34. Rg1 Qg5 35. Nxd5 Rc1 36. Re2 Rxg1+ 37. Kxg1 f4 38. Qf3 Bxb5 39. Re5 Qg6 40. Nxf4 Qb1+ 41. Kf2 Qb2+ 42. Ke3 Qxb4 43. Qa8+ Kf7 44. Qd5+ Kf8 45. Ne6+ Kg8 46. Nxg7+ Kxg7 47. Rg5+ Kf8 48. Qf5+ Ke7 49. Qxb5 Qe1+ 50. Kf3 Qc3+ 51. Ke2 Qc2+ 52. Ke1 Qc1+ 53. Ke2 Qc2+ 54. Kf3 Qc3+ 55. Ke4 Qe1+ 56. Kf3 Qc3+ 57. Ke4 Qe1+ 58. Kf5 Qf2+ 59. Kg6 Qf7+ 60. Kh6 Qe6+ 61. Rg6 1-0

[Event "JBLN West 1819"]
[Site "Germany"]
[Date "2019.05.19"]
[Round "9.4"]
[White "Uhlendorff, Luca"]
[Black "Harutyunyan, Hovhannes"]
[Result "0-1"]
[WhiteElo "1850"]
[BlackElo "1646"]
[PlyCount "50"]
[EventDate "2018.09.23"]
[EventType "team-tourn"]
[EventRounds "9"]
[EventCountry "GER"]
[SourceTitle "EXT 2020"]
[Source "ChessBase"]
[SourceDate "2019.10.17"]
[SourceVersion "1"]
[SourceVersionDate "2019.10.17"]
[SourceQuality "1"]
[WhiteTeam "Goettingen Rochade U20"]
[BlackTeam "Flensburg U20"]
[WhiteTeamCountry "GER"]
[BlackTeamCountry "GER"]

1. d4 d5 2. Bf4 Bf5 3. e3 Nf6 4. c4 e6 5. Nc3 Bb4 6. Qa4+ Nc6 7. Nf3 Ne4 8. Rc1 g5 9. Bg3 Bxc3+ 10. bxc3 Nxg3 11. hxg3 f6 12. cxd5 Qxd5 13. c4 Qa5+ 14. Qxa5 Nxa5 15. Nd2 0-0-0 16. Be2 Nc6 17. e4 Bg6 18. d5 Nd4 19. g4 Rhe8 20. dxe6 Rxe6 21. f3 Ra6 22. c5 Nxe2 23. Kxe2 Rxa2 24. Rhd1 Be8 25. Ra1 Rdxd2+ 0-1